Top 10 highest paid sport stars - Statistics

General Stats
  • This quiz has been taken 25 times
  • The average score is 6 of 10
Answer Stats
Hint Net worth (dollars) Answer % Correct
Football player, Portugugal 109 million Cristiano Ronaldo
100%
Football player, Argentina 127 million Lionel Messi
96%
Tennis, Switzerland 93 million Roger Federer
96%
Football player, Brazil 105 million Neymar
88%
NBA, USA, Los Angeles Lakers 89 million LeBron James
67%
NBA, USA, Golden State Warriors 79.8 million Stephen Curry
58%
NBA, Brooklyn Nets, USA 69.4 million Kevin Durant
46%
NFL, USA, Green Bay Packers 89 million Aaron Rodgers
29%
NFL, USA, Seattle Seahawks 89 million Russel Wilson
29%
Boxing, Mexican 96 million Canelo Alvarez
17%
No matching quizzes found
Score Distribution
Percent of People with Each Score
Percentile by Number Answered
Your Score History
You have not taken this quiz